000 00624nam a2200181Ia 4500
001 10243
003 GE_BSU
008 181216s||||||||xx |||||||||||||| ||und||
040 _cGE_BSU
245 _aმოამბე.Bulletin.ტ.8 №1.იანვარი–თებერვალი–მარტი–აპრილი
245 _bსაქ.მეცნიერ.ეროვნული აკადემია
245 _cმთ.რედ.გ.კვესიტაძე
260 _aთბილისი
260 _c2014
300 _a148стр.29см.
653 _aმოამბე
942 _cCR
999 _c43512
_d43512